عرض عادي
عرض مارك
- MacLaren, D.
مدخل إسم شخص
001 - رقم الضبط
- حقل الضبط: 38038
003 - معرف رقم الضبط
- حقل الضبط: OSt
005 - تاريخ ووقت أخر عملية
- حقل الضبط: 20131020144341.0
008 - عناصر بيانات ثابتة الطول
- حقل تحكم ثابت الطول: 131020|||a|||||| | ||| d
040 ## - مصدر الفهرسة
- هيئة الفهرسة الأصلية: OSt
- وكالة الكتابة: OSt
100 ## - مدخل -- أسم شخص
- إسم شخص: MacLaren, D.
- الشكل الكامل للاسم: (Don)
670 ## - بيانات المصدر موجوده
- الاستشهاد بالمصدر: Work cat.: (OSt)0: MacLaren, D. (Don), Biochemistry for sport and exercise metabolism /, 2012.
